00864nam a2200241 a 450000100100000000500170001000800410002704000250006808200200009310000280011324500760014126000430021730000280026049000520028849000280034050000680036850400410043665000150047765000280049270000200052083000530054083000290059300001410320200929163456.0091204s1988 dr a 000 0 spa d aDO-SdBNPbspacBNPHU a617.6342bS678p1 aSocías Báez, Nelson10aPerspectiva de la endodoncia /cNelson Socías Báez, Francia Berroa. aSanto Domingo :bUniversitaria,c1988. a117 p. :bil. ;c20 cm.1 aUniversidad Autónoma de Santo Domingovv. 6021 aSalud Y sociedadvv. 16 aIncluye datos biográficos de los autores en la contracubierta aIncluye bibliografías (p. 119-120) 4aEndodoncia 4aEndodonciaxEnseñanza1 aBerroa, Francia 0aUniversidad Autónoma de Santo Domingonno. 602 0aSalud y sociedadnno. 16